000 01131nam a2200289 i 4500
001 000028938
003 DO-SdBNP
005 20251204073702.0
007 ta
008 110412s2004 dr r 000 0 spa d
040 _aDO-SdBNP
_bspa
_cBNPHU
_erda
041 _asp
082 _a347.7293
_bS941di
_222
100 1 _aSubero Isa, Jorge A.,
_d1947-
_eautor
_976863
245 1 0 _aDiscurso del presidente de la Suprema Corte de Justicia Dr. Subero Isa :
_bdía del poder judicial 7 de enero del 2004 /
_cJorge A. Isa Subero.
264 _aSanto Domingo :
_bSuprema Corte de Justicia,
_c2004
300 _a46 páginas ;
_c22 cm.
336 _ardacontent
_btexto
_2txt
337 _ardamedia
_bsin mediación
_2n
338 _ardacarrier
_bvolumen
_2nc
590 _aInventariado, 2018/BT
650 4 _aPoder judicial
_zRepública Dominicana
_vEnsayos, conferencias, etc.
_930708
650 0 _aAdministración de justicia
_zRepública Dominicana
_vEnsayos, conferencias, etc
_910083
650 0 _aAdministración De Justicia Penal
_vEnsayos, conferencias, etc.
_988260
910 _aValidado. Control de calidad. EMS
942 _2ddc
_cLBS1
999 _c28430
_d28430